03145nam a22003257a 4500003000900000008004100009040007100050082002400121110004200145245004600187260003100233300004600264440010000310505201400410650002602424650002302450650003002473650001702503650001002520650003002530650002802560650002302588650002302611700003102634700003202665700003502697700002802732700003902760700002002799AR-CdUCM190425b ||||| |||| 00| 0 spa d aMUNICIPALIDAD PROVINCIAL DEL CUSCOcBIBLIOTECA MUNICIPAL DEL CUSCO aRev.IAAC/N°16/2000 aInstituto Americano de Arte del Cuzco aRevista del Instituto Americano de Arte / aCusco :bPantigozo,c2000. a249 páginas. :bilustraciones ;c20 cm. aRevista del Instituto Americano de Arte Cuzco.nAño [XV, [?] semestre de 2000, N°16. Vol.[?] aContenido: El Inca en la colonia. Franklin Pease G.Y. -- Una tergiversación sobre el Inca Garcilaso de la Vega. Manuel Jesús Aparicio. -- El Inca Garcilaso y el Cusco. Julio G. Gutiérrez Loayza.-- Montañas sagradas Machupicchu en debate. Flores Ochoa. -- Representaciones del Dios Sol en el Tahuantinsuyo. María del Carmen Martin Rubio. -- La ciudad del Cusco en la historia. Víctor Ángeles Vargas. -- Cusco en la historia. Carlos Milla Vidal -- Del folklore Nacional Pukllay Taki. Víctor Navarro del Aguilar. -- Tocco Cachi. Miguel H. Milla. -- Respuesta y reversión vanguardista en la textualidad. Luis E. Valcárcel. Yasmin López Lenci. -- La importancia histórica del entorno de Qoricancha. José Carlos Gutiérrez. -- Pisaq y las comunidades de Q´ello Q´ello, Amaru, Paru Paru y Chawaytire. Juvenal Pacheco Farfán. -- La Geografía alta ciencia inkaika. Armando Valenzuela Lovon. -- Un levantamiento indígena de carácter psicológico. Delmira Valencia Blanco.- - La novela andina en el Cusco. Julio Miranda Bernal. -- Cesar Vallejo. vuelve a la Patria. Luis Nieto Miranda. -- Uriel García y Humberto Vidal. dos arquetipos de cusqueñismo moderno. Manuel Jesús Aparicio Vega. -- Georgina. Delia Vidal de Milla. -- José Marie Arguedas y el Cusco. Rodolfo Zamalloa Loayza. -- Cusco, Símbolo especial y orientador de los Ríos profundos. PetraTriales Cruz Leal. -- Cervantes en esencia. Santiago Riopérez y Milla. -- En conmemoración del centenario de la inmigración Japonés. Daniel Oscar Tagata.--Mi experiencia en el Japón, una lección de vida. Julio Antonio Gutiérrez Samanez.-- Procedencia y actual existencia de los gobernantes cusqueños o Qosqo inkakuna y su sapiencia o Yachay. Lizardo Pérez Araníbar. -- Jornadas Andinas de literatura latinoamericana. Jalla..99 Cusco. -- El IAA y la cultura de América. Julio A. Gutiérrez Samanez.-- Informe de Gestión (1996-1999. Julio A. Gutiérrez Samanez. -- Actividades institucionales. aLiteratura cusqueña aPoetas cusqueños aIntelectuales cusqueños aArte popular aInkas aInca Garcilaso de la Vega aJosé María Arguedas aBarrio de San Blas aHistoria del Cusco aGutiérrez Samanez, Julio aPérez Araníbar, Lizardo aAparicio Vega, Manuel Jesús  aValencia Blanco, Delmia aMartín Rubio, María del Carmen aPease, Franklin